Normal view
MARC view
- Cartwright, Henry Antrobus
Entry Personal Name
001 - CONTROL NUMBER
- control field: 49626
003 - CONTROL NUMBER IDENTIFIER
- control field: NUST
005 - DATE AND TIME OF LATEST TRANSACTION
- control field: 20210314134407.0
008 - FIXED-LENGTH DATA ELEMENTS
- fixed length control field: 210314|| aca||aabn | a|a d
040 ## - CATALOGING SOURCE
- Original cataloging agency: NUST
- Transcribing agency: NUST
100 ## - HEADING--PERSONAL NAME
- Personal name: Cartwright, Henry Antrobus
670 ## - SOURCE DATA FOUND
- Source citation: Work cat.: (NUST): Harrison, Michael Charles Cooper, 49624, Within four walls,, 1930.
